[Event "zt 2.4"]
[Site "Sao Paulo BRA"]
[Date "2001.06.07"]
[Round "1"]
[White "Lima,Da"]
[Black "Matsuura,E"]
[Result "1/2-1/2"]
[WhiteElo "2550"]
[BlackElo "2467"]
[EventDate "2001.06.07"]

1. g3 Nf6 2. Bg2 d5 3. f4 g6 4. Nf3 Bg7 5. d3 O-O 6. O-O c5 7. Nc3 d4 8.
Na4 Qa5 9. c4 Bd7 10. b3 Bc6 11. Bh3 Bd7 12. Bg2 Bc6 13. a3 Nbd7 14. Rb1
Rae8 15. e4 dxe3 16. Bxe3 e5 17. Nxc5 exf4 18. b4 Qb6 19. Bxf4 Nxc5 20.
bxc5 Qxc5+ 21. d4 Qxc4 22. Ne5 Qe6 23. Nxc6 bxc6 24. Rb7 Nd5 25. Kh1 Re7
26. Rxe7 Qxe7 27. Qa4 Nxf4 28. gxf4 Rd8 29. Qxc6 Bxd4 30. a4 Bb6 31. f5 Qd6
32. fxg6 hxg6 33. Qxd6 Rxd6 34. Ra1 Rd2 35. a5 Bd4 36. Rf1 Kg7 37. a6 f5
38. h4 Rf2 39. Kh2 Be5+ 40. Kg1 Rxf1+ 41. Bxf1 Bg3 42. h5 g5 43. Bd3 Kf6
44. h6 Be5 45. h7 Kg6 46. Kf2 g4 47. Ke3 Kg5 48. Bb5 Bf6 49. Bd3 Bg7 50.
Bb5 Bf6 51. Bd3 Bh8 52. Bb5 f4+ 53. Ke4 f3 54. Bd7 Bg7 55. Be6 Bh8 56. Bd7
Bb2 57. Be6 Ba1 58. Bd7 Bc3 59. Be6 Bf6 60. Bd7 Bh8 61. Be6 Ba1 62. Bd7 Bb2
1/2-1/2

[Event "zt 2.4"]
[Site "Sao Paulo BRA"]
[Date "2001.06.07"]
[Round "1"]
[White "Oblitas,C"]
[Black "De Souza Haro,P"]
[Result "1-0"]
[WhiteElo "2404"]
[BlackElo "2237"]
[EventDate "2001.06.07"]

1. e4 e6 2. d4 d5 3. Nc3 Nf6 4. exd5 exd5 5. Bg5 Be7 6. Nf3 O-O 7. Be2 c6
8. O-O Re8 9. Re1 Bg4 10. Ne5 Bxe2 11. Nxe2 Ne4 12. Bxe7 Rxe7 13. Ng3 Nxg3
14. hxg3 Nd7 15. Nd3 Rxe1+ 16. Qxe1 Qf8 17. Qa5 Qd6 18. Re1 a6 19. Re3 Rf8
20. Qe1 b6 21. Qb4 c5 22. Qa3 Ra8 23. Ne5 Nxe5 24. Rxe5 f6 25. Re1 Qc6 26.
Qe3 cxd4 27. Qxd4 Rd8 28. c3 b5 29. Qa7 Ra8 30. Qe7 a5 31. Re6 Qc4 32. Rd6
Qxa2 33. Kh2 Qb1 34. Qe6+ Kh8 35. Qxd5 Re8 36. Qxb5 Qg6 37. Rd1 h6 38. b4
axb4 39. cxb4 Re5 40. Qd3 f5 41. Rb1 Qb6 42. f4 Re4 43. b5 Kh7 44. Qf3 g6
45. Qd3 Rd4 46. Qe3 Qd8 47. b6 g5 48. b7 gxf4 49. gxf4 Re4 50. Qxe4 1-0

[Event "zt 2.4"]
[Site "Sao Paulo BRA"]
[Date "2001.06.07"]
[Round "1"]
[White "Pelikian,J"]
[Black "Coelho,L"]
[Result "1-0"]
[WhiteElo "2415"]
[BlackElo "2235"]
[EventDate "2001.06.07"]

1. e4 c5 2. Nf3 d6 3. c3 Nf6 4. Be2 Bd7 5. e5 dxe5 6. Nxe5 Nc6 7. Nxd7 Qxd7
8. O-O e6 9. d3 Be7 10. Nd2 O-O 11. Nf3 Rfd8 12. Qc2 Nd5 13. Rd1 Rac8 14.
a3 Bf6 15. g3 h6 16. Be3 Nxe3 17. fxe3 h5 18. Rf1 Qe7 19. Rf2 h4 20. gxh4
Bxh4 21. Rg2 g6 22. Qa4 Bf6 23. Qe4 Qd6 24. Rf1 Kg7 25. d4 cxd4 26. exd4
Rh8 27. Nd2 Rcf8 28. Bd3 Rh6 29. Qe3 Bd8 30. Ne4 Qd5 31. Nc5 e5 32. Be4
exd4 33. Bxd5 dxe3 34. Nd7 Bb6 35. Re2 f5 36. Nxf8 Kxf8 37. Bxc6 bxc6 38.
Kg2 Ke7 39. a4 a5 40. b4 axb4 41. cxb4 Ke6 42. Rc2 Kd5 43. Rd1+ Bd4 44.
Rc5+ Ke4 45. Rc4 1-0

[Event "zt 2.4"]
[Site "Sao Paulo BRA"]
[Date "2001.06.07"]
[Round "1"]
[White "Vescovi,G"]
[Black "Milos,G"]
[Result "1-0"]
[WhiteElo "2572"]
[BlackElo "2608"]
[EventDate "2001.06.07"]

1. e4 e5 2. Nf3 Nc6 3. Bb5 a6 4. Bxc6 dxc6 5. O-O f6 6. d4 exd4 7. Nxd4 c5
8. Ne2 Qxd1 9. Rxd1 Bd7 10. Nbc3 O-O-O 11. Be3 Re8 12. Rd2 Bc6 13. Rad1 b6
14. f3 Ne7 15. Nf4 Ng6 16. Nh5 Ne5 17. b3 c4 18. Nd5 Kb7 19. Kf2 a5 20. g4
Rg8 21. Rg1 Rd8 22. Nhf4 Bd6 23. h4 Rd7 24. h5 cxb3 25. cxb3 Nf7 26. Rgd1
Re8 27. h6 Nxh6 28. Nxb6 cxb6 29. Rxd6 Rxd6 30. Rxd6 Nf7 31. Re6 Ne5 32.
Rxe8 Bxe8 33. Ne6 g6 34. Nf8 Nd3+ 35. Ke2 Nb4 36. a3 Nc2 37. Nxh7 Nxa3 38.
Nxf6 Bf7 39. Nd5 Nc2 40. Kd2 Bxd5 41. exd5 Nb4 42. d6 Nd5 43. Bd4 Kc6 44.
Be5 b5 45. f4 Nb6 46. f5 gxf5 47. g5 Kd5 48. Bd4 Nd7 49. g6 Ke6 50. g7 Kf7
51. Ke3 a4 52. b4 a3 53. Kf4 a2 54. Kxf5 Nb6 55. Ke4 Kg8 56. Ba1 Kf7 57.
Kd4 1-0

[Event "zt 2.4"]
[Site "Sao Paulo BRA"]
[Date "2001.06.08"]
[Round "2"]
[White "Coelho,L"]
[Black "Soto,J"]
[Result "0-1"]
[WhiteElo "2235"]
[BlackElo "2386"]
[EventDate "2001.06.07"]

1. e4 e5 2. Nf3 d6 3. d4 Nf6 4. Nc3 Nbd7 5. Bc4 Be7 6. O-O O-O 7. Re1 c6 8.
a4 b6 9. b3 Bb7 10. Bb2 a6 11. Bf1 Re8 12. Qd3 Bf8 13. g3 Qc7 14. Bh3 Rad8
15. Nh4 b5 16. axb5 axb5 17. Bg2 b4 18. Nd1 d5 19. exd5 e4 20. Qd2 cxd5 21.
c3 bxc3 22. Bxc3 Rc8 23. Nf5 Qb6 24. b4 Ba6 25. Nb2 Bb5 26. Na4 Qc6 27. Nc5
Nb6 28. Qg5 Kh8 29. Bd2 Nc4 30. Bf4 Ra8 31. Rxa8 Rxa8 32. f3 h6 33. Qh4 Nh7
34. Qg4 exf3 35. Qxf3 Re8 36. Rxe8 Qxe8 37. h3 Nf6 38. Be3 g6 39. Nd6 Nxd6
40. Qxf6+ Bg7 41. Qxd6 Qxe3+ 42. Kh2 Bc4 43. Bxd5 Qf2+ 44. Bg2 Bxd4 45. h4
Bf1 46. Qd5 h5 47. Kh3 Be2 0-1

[Event "zt 2.4"]
[Site "Sao Paulo BRA"]
[Date "2001.06.08"]
[Round "2"]
[White "Lima,Da"]
[Black "Pelikian,J"]
[Result "1-0"]
[WhiteElo "2550"]
[BlackElo "2415"]
[EventDate "2001.06.07"]

1. d4 Nf6 2. c4 e6 3. g3 d5 4. Nf3 c6 5. Qc2 Be7 6. Bg2 O-O 7. O-O Nbd7 8.
Rd1 Ne4 9. Nfd2 f5 10. Nxe4 fxe4 11. f3 exf3 12. Bxf3 Bd6 13. Nc3 Qe7 14.
Bg2 Nf6 15. Bg5 Bb4 16. e4 Bxc3 17. bxc3 dxe4 18. Re1 Bd7 19. Rab1 b6 20.
Rxe4 h6 21. Bxf6 Rxf6 22. Rf1 Rxf1+ 23. Bxf1 Rf8 24. Bh3 Rf6 25. Re5 Qd6
26. c5 bxc5 27. Rxc5 Qb8 28. Re5 Kf7 29. Bg4 g6 30. Be2 Kg7 31. Bc4 Rf5 32.
Re1 Qd6 33. Bd3 Rg5 34. Qf2 e5 35. h4 Rg4 36. Rxe5 c5 37. Bc4 Bf5 38. Qe3
Be4 39. Be2 cxd4 40. cxd4 1-0

[Event "zt 2.4"]
[Site "Sao Paulo BRA"]
[Date "2001.06.08"]
[Round "2"]
[White "Matsuura,E"]
[Black "De Souza Haro,P"]
[Result "1-0"]
[WhiteElo "2467"]
[BlackElo "2237"]
[EventDate "2001.06.07"]

1. c4 e5 2. Nc3 Nf6 3. g3 c6 4. Nf3 e4 5. Nd4 d5 6. cxd5 Qb6 7. Nc2 cxd5 8.
Bg2 Bf5 9. O-O Nc6 10. d3 O-O-O 11. Bg5 Qxb2 12. Qd2 exd3 13. exd3 d4 14.
Bxf6 gxf6 15. Ne2 Qb6 16. Rab1 Qa5 17. Qf4 Bd6 18. Qf3 Bc7 19. Ncxd4 Rxd4
20. Nxd4 Nxd4 21. Qxb7+ Kd7 22. Rb4 Ne2+ 23. Kh1 Rb8 24. Qc6+ Ke7 25. Ra4
Qb6 26. Qf3 Nd4 27. Rxd4 Qxd4 28. Qxf5 Qc3 29. Qe4+ Kf8 30. Qxh7 Rb5 31.
Qh6+ Ke7 32. Qe3+ Re5 33. Qxa7 Kf8 34. Qa8+ Kg7 35. Qf3 Re1 36. h4 Re5 37.
Qg4+ Kh6 38. Qf4+ Kg7 39. Qc4 Qa5 40. Qg4+ Kh6 41. Qg8 1-0

[Event "zt 2.4"]
[Site "Sao Paulo BRA"]
[Date "2001.06.08"]
[Round "2"]
[White "Milos,G"]
[Black "Oblitas,C"]
[Result "1-0"]
[WhiteElo "2608"]
[BlackElo "2404"]
[EventDate "2001.06.07"]

1. e4 c6 2. d4 d5 3. exd5 cxd5 4. c4 Nf6 5. Nc3 e6 6. Nf3 Nc6 7. cxd5 Nxd5
8. Bd3 g6 9. O-O Bg7 10. Bg5 Nxc3 11. bxc3 Qa5 12. Qd2 O-O 13. Rab1 a6 14.
Be4 Qc7 15. Bf4 Qd8 16. Rfd1 Na5 17. Qe2 Bd7 18. Bxb7 Nxb7 19. Rxb7 Bb5 20.
c4 Ba4 21. Rd2 Bc6 22. Rb1 Rc8 23. Ne5 Ba8 24. h3 Rb8 25. Re1 Rb4 26. Qe3
Qc8 27. c5 f6 28. Nd3 Ra4 29. Bd6 Re8 30. Rb2 Qc6 31. f3 Qd5 32. Nb4 Qf5
33. Qb3 Ra5 34. a4 Bf8 35. Bxf8 Kxf8 36. Rbe2 Qf4 37. Nc2 Bd5 38. Qb4 Qc7
39. Ne3 Bc6 40. d5 Rxa4 41. Qc3 Bb5 42. d6 Qg7 43. c6 f5 44. Qc2 Qe5 45. d7
Ra8 46. Rd2 Qc7 47. Qc5+ Kf7 48. Nd5 Qd8 49. Nb6 Qh4 50. Qe5 Re4 51. Rxe4
fxe4 52. Qxe4 Qg5 53. Qd4 Rd8 54. c7 1-0

[Event "zt 2.4"]
[Site "Sao Paulo BRA"]
[Date "2001.06.09"]
[Round "3"]
[White "De Souza Haro,P"]
[Black "Milos,G"]
[Result "1/2-1/2"]
[WhiteElo "2237"]
[BlackElo "2608"]
[EventDate "2001.06.07"]

1. d4 Nf6 2. Nc3 d5 3. Bg5 c6 4. Qd2 Bf5 5. f3 Nbd7 6. e3 h6 7. Bh4 e6 8.
Bd3 Bxd3 9. Qxd3 Be7 10. e4 dxe4 11. fxe4 e5 12. Bxf6 Nxf6 13. dxe5 Ng4 14.
e6 fxe6 15. Nh3 O-O 16. O-O-O Bg5+ 17. Kb1 Qxd3 18. Rxd3 Nf2 19. Nxf2 Rxf2
20. g3 Raf8 21. a4 Rg2 22. h4 Bf6 23. Rf1 h5 24. Rdf3 Rd8 25. e5 Bxe5 26.
Ne4 Re2 27. Nc5 Rdd2 28. Rc1 Bf6 29. Nxb7 Rd5 30. Rcf1 e5 31. Rc3 Rg2 32.
Rxc6 Rxg3 33. Rf5 Rg4 34. Rxh5 Rxa4 35. c4 Rd2 36. Nd6 Be7 37. Rc8+ Bf8 38.
Ne4 Rd1+ 39. Kc2 Rd4 40. Rxe5 Raxc4+ 41. Rxc4 Rxc4+ 42. Kb3 Rc7 43. h5 Be7
44. Rf5 Rc6 45. Nc3 Rb6+ 46. Kc2 Bf6 47. Rc5 Kh7 48. b3 Re6 49. Nd5 Bd4 50.
Rc4 Be5 51. Re4 Rc6+ 52. Kd3 Ba1 53. Re7 Ra6 54. Nb4 Rd6+ 55. Kc4 Rd4+ 56.
Kb5 a5 57. Nc2 Rd5+ 58. Kc6 Rd1 59. Nxa1 Rxa1 60. Re5 Kh6 61. Kd6 a4 62.
bxa4 Rxa4 63. Ke6 Rf4 64. Ke7 Rf6 65. Ra5 1/2-1/2

[Event "zt 2.4"]
[Site "Sao Paulo BRA"]
[Date "2001.06.09"]
[Round "3"]
[White "Soto,J"]
[Black "Lima,Da"]
[Result "0-1"]
[WhiteElo "2386"]
[BlackElo "2550"]
[EventDate "2001.06.07"]

1. e4 e5 2. Nf3 Nc6 3. Bb5 Nf6 4. O-O Bc5 5. c3 O-O 6. d4 Bb6 7. Bg5 h6 8.
Bh4 d6 9. a4 a5 10. dxe5 Nxe5 11. Nxe5 dxe5 12. Nd2 c6 13. Be2 Qe7 14. Nc4
Bc7 15. f3 Be6 16. Kh1 Rad8 17. Qc2 Rd7 18. Rfd1 Qc5 19. Rxd7 Nxd7 20. Rd1
Nf6 21. b3 b5 22. Nb2 Rd8 23. Rxd8+ Bxd8 24. Nd3 Qa3 25. c4 bxa4 26. bxa4
Bc7 27. g4 Nd7 28. Bf2 Bb6 29. Bxb6 Nxb6 30. Nxe5 c5 31. Qd1 Nxa4 32. Qd8+
Kh7 33. Nd7 Qa1+ 34. Kg2 Bxd7 35. Qxd7 Qb2 36. Kh3 Nb6 37. Qf5+ Kg8 38. Bd3
Qd4 39. e5 g6 40. Qe4 Qxe4 41. fxe4 a4 42. Bc2 a3 43. Bb3 Na4 44. g5 hxg5
45. Kg4 Nc3 46. Kxg5 Kg7 0-1

[Event "zt 2.4"]
[Site "Sao Paulo BRA"]
[Date "2001.06.10"]
[Round "4"]
[White "Coelho,L"]
[Black "Oblitas,C"]
[Result "0-1"]
[WhiteElo "2235"]
[BlackElo "2404"]
[EventDate "2001.06.07"]

1. e4 c5 2. Nf3 g6 3. d4 cxd4 4. Qxd4 Nf6 5. e5 Nc6 6. Qh4 Nxe5 7. Nxe5
Qa5+ 8. Nc3 Qxe5+ 9. Be2 Bg7 10. Bf4 Qa5 11. O-O-O O-O 12. g4 b5 13. Bf3
Ba6 14. Bxa8 Rxa8 15. Qg5 h6 16. Qe5 d6 17. Qxe7 Re8 18. Qxd6 b4 19. Nd5
Ne4 20. Qxb4 Qxa2 21. Qa3 Qc4 22. Qb3 Qxb3 23. cxb3 Nxf2 24. Rhe1 Nd3+ 25.
Rxd3 Rxe1+ 26. Rd1 Bxb2+ 27. Kc2 Rxd1 28. Kxd1 Bb7 29. Kc2 Bg7 30. Nc3 g5
31. Be3 a6 32. Nd1 Be4+ 33. Kd2 Kf8 34. Nf2 Bd5 35. b4 Ke7 36. Bc5+ Kd7 37.
Ke3 Kc6 38. Be7 Kb5 39. Nd3 Be6 40. h3 Bd5 41. h4 gxh4 42. Bxh4 Bf8 43. g5
Be7 44. Nf4 Bc4 0-1

[Event "zt 2.4"]
[Site "Sao Paulo BRA"]
[Date "2001.06.10"]
[Round "4"]
[White "Leitao,R"]
[Black "De Souza Haro,P"]
[Result "1-0"]
[WhiteElo "2587"]
[BlackElo "2237"]
[EventDate "2001.06.07"]

1. d4 Nc6 2. c4 e5 3. d5 Nce7 4. Nc3 Ng6 5. g3 f5 6. Bg2 Nf6 7. Nf3 d6 8.
h4 e4 9. Nd4 Ne5 10. Bf4 Qe7 11. Qb3 g6 12. Ne6 c5 13. Bxe5 dxe5 14. Nxf8
Kxf8 15. O-O-O Ne8 16. d6 Nxd6 17. Nd5 Qf7 18. Qa3 Kg7 19. Qxc5 Nxc4 20.
Qxc4 Be6 21. Qb5 a6 22. Qa5 b5 23. Nc3 Rhc8 24. Kb1 Rc6 25. h5 gxh5 26. f3
exf3 27. Bxf3 e4 28. Bxh5 Qe7 29. a3 Bb3 30. Qb4 Qe6 31. Qd4+ Kg8 32. Rd2
Rac8 33. Qd7 Qc4 34. Qxf5 1-0

[Event "zt 2.4"]
[Site "Sao Paulo BRA"]
[Date "2001.06.10"]
[Round "4"]
[White "Lima,Da"]
[Black "Vescovi,G"]
[Result "1/2-1/2"]
[WhiteElo "2550"]
[BlackElo "2572"]
[EventDate "2001.06.07"]

1. d4 Nf6 2. g3 e6 3. Bg2 c5 4. Nf3 Nc6 5. O-O cxd4 6. Nxd4 Qb6 7. Nxc6
bxc6 8. c4 d5 9. Nc3 Bb7 10. Be3 Qa6 11. cxd5 cxd5 12. Rc1 Be7 13. Qa4+
Qxa4 14. Nxa4 Kd7 15. Nc5+ Bxc5 16. Rxc5 Rhc8 17. Rfc1 Rxc5 18. Rxc5 a5 19.
Bd4 a4 20. e3 Ne8 21. Bf1 Bc6 22. Bd3 h6 23. Bc3 f6 24. Ra5 Rxa5 25. Bxa5
Nd6 26. Bb4 Nc4 27. Bxc4 1/2-1/2

[Event "zt 2.4"]
[Site "Sao Paulo BRA"]
[Date "2001.06.10"]
[Round "4"]
[White "Matsuura,E"]
[Black "Milos,G"]
[Result "0-1"]
[WhiteElo "2467"]
[BlackElo "2608"]
[EventDate "2001.06.07"]

1. e4 e5 2. Nf3 Nc6 3. Bb5 a6 4. Ba4 Nf6 5. O-O Bc5 6. Nxe5 Nxe5 7. d4 Nxe4
8. Re1 Be7 9. Rxe4 Ng6 10. c4 O-O 11. Nc3 c6 12. d5 b5 13. Bb3 Bf6 14. d6
bxc4 15. Bxc4 Bb7 16. Qh5 a5 17. Na4 Re8 18. Rxe8+ Qxe8 19. Be3 Qe4 20. Nb6
Rd8 21. Re1 Bxb2 22. Qxa5 Bf6 23. Bg5 Qg4 24. Bxf6 Nf4 25. g3 gxf6 26. Nd5
Nh3+ 27. Kg2 cxd5 28. Qxd8+ Kg7 29. Qb6 Nf4+ 30. Kg1 Qf3 31. gxf4 dxc4 32.
Kf1 Qh3+ 0-1

[Event "zt 2.4"]
[Site "Sao Paulo BRA"]
[Date "2001.06.10"]
[Round "4"]
[White "Pelikian,J"]
[Black "Soto,J"]
[Result "1/2-1/2"]
[WhiteElo "2415"]
[BlackElo "2386"]
[EventDate "2001.06.07"]

1. e4 d6 2. Nc3 g6 3. f4 Bg7 4. Nf3 c5 5. Bb5+ Nc6 6. Bxc6+ bxc6 7. O-O Nh6
8. d3 O-O 9. Qe1 c4 10. d4 Qb6 11. Kh1 Bg4 12. f5 Bxf3 13. Rxf3 f6 14. d5
Nf7 15. dxc6 Qxc6 16. Nd5 Rae8 17. fxg6 hxg6 18. Rg3 Ne5 19. Bf4 Kf7 20.
Bxe5 dxe5 21. Qa5 Qb7 22. b3 e6 23. Nc3 Re7 24. Rf1 cxb3 25. cxb3 Rc8 26.
Qxe5 f5 27. Qa5 Qb6 28. Qxb6 axb6 29. Nb5 Be5 30. Rd3 Kf6 31. exf5 gxf5 32.
Nd6 Rc2 33. Rd2 Rec7 34. Rxc2 Rxc2 35. Nc4 Bd4 36. a4 e5 37. Nd6 Bf2 38. g4
e4 39. gxf5 Ke5 40. Nc4+ Kf6 41. Nd6 Ke5 42. Nc4+ Kf6 1/2-1/2

[Event "zt 2.4"]
[Site "Sao Paulo BRA"]
[Date "2001.06.11"]
[Round "5"]
[White "Soto,J"]
[Black "Matsuura,E"]
[Result "1-0"]
[WhiteElo "2386"]
[BlackElo "2467"]
[EventDate "2001.06.07"]

1. e4 e5 2. Nf3 Nc6 3. Bb5 a6 4. Ba4 Nf6 5. O-O Be7 6. Re1 b5 7. Bb3 d6 8.
c3 O-O 9. h3 Na5 10. Bc2 c5 11. d4 Qc7 12. Nbd2 cxd4 13. cxd4 Bb7 14. d5
Rac8 15. Bb1 Nh5 16. a4 Nf4 17. axb5 axb5 18. Nf1 Ra8 19. Kh2 Qd7 20. b3
Bd8 21. Ne3 Bb6 22. Bd2 Ra7 23. Ng1 Bc8 24. Ra2 Nb7 25. Rxa7 Bxa7 26. b4 g6
27. Qf3 f5 28. exf5 gxf5 29. Rc1 Bxe3 30. Bxe3 Ng6 31. Bh6 Re8 32. Ne2 Qf7
33. Ng3 Nh4 34. Qe2 Qg6 35. Qxb5 Rd8 36. Rxc8 Rxc8 37. Qxb7 Re8 38. Qd7 e4
39. Bf4 Qf7 40. Qxd6 Ng6 41. Nh5 1-0

[Event "zt 2.4"]
[Site "Sao Paulo BRA"]
[Date "2001.06.11"]
[Round "5"]
[White "Vescovi,G"]
[Black "Pelikian,J"]
[Result "1-0"]
[WhiteElo "2572"]
[BlackElo "2415"]
[EventDate "2001.06.07"]

1. e4 e5 2. Nf3 d6 3. d4 Nd7 4. Bc4 c6 5. O-O Be7 6. dxe5 dxe5 7. Ng5 Bxg5
8. Qh5 Qe7 9. Qxg5 Qxg5 10. Bxg5 Ngf6 11. f3 b5 12. Be2 Nb6 13. Nd2 Be6 14.
Rfc1 h6 15. Be3 Nfd7 16. c4 a6 17. cxb5 cxb5 18. Rc6 Rb8 19. b3 O-O 20. a4
bxa4 21. bxa4 a5 22. Bb5 Rfc8 23. Rac1 Kf8 24. f4 exf4 25. Bxf4 Rxc6 26.
Rxc6 Rb7 27. Bd6+ Kg8 28. Kf2 Bg4 29. Rc1 Be6 30. Ke3 f5 31. e5 Bd5 32. g3
Kf7 33. Kd4 Ke6 34. Rc3 g5 35. Nb3 f4 36. gxf4 gxf4 37. Rh3 Bxb3 38. Rxb3
Ra7 39. Bc6 Nc8 40. Bd5+ Kf5 41. Be4+ Kg4 42. Ba3 Ndb6 43. e6 Nxa4 44. Ke5
Nab6 45. Kf6 Kh4 46. Bc5 Ra6 47. Bf2+ 1-0

[Event "zt 2.4"]
[Site "Sao Paulo BRA"]
[Date "2001.06.13"]
[Round "6"]
[White "Coelho,L"]
[Black "Milos,G"]
[Result "0-1"]
[WhiteElo "2235"]
[BlackElo "2608"]
[EventDate "2001.06.07"]

1. e4 e5 2. Nf3 Nc6 3. Bb5 a6 4. Ba4 Nf6 5. O-O Bc5 6. c3 b5 7. d4 bxa4 8.
dxc5 Qe7 9. Qxa4 Qxc5 10. Bg5 O-O 11. Nbd2 Nh5 12. Qd1 f6 13. Be3 Qe7 14.
Nb3 Qe8 15. Na5 Nxa5 16. Qd5+ Qf7 17. Qxa8 Bb7 18. Qa7 d6 19. Bc1 c5 20.
Qb6 Nc4 21. Qb3 Bxe4 22. Nd2 Bd5 23. Qc2 Na5 24. f3 f5 25. b4 cxb4 26. cxb4
Nc6 27. Nb3 Nxb4 28. Qd2 Nc6 29. Ba3 Rd8 30. Rfd1 Nf4 31. g3 Qa7+ 32. Nc5
Nd4 33. Qa5 Nh3+ 34. Kg2 Bxf3+ 35. Kxh3 Bg4+ 36. Kg2 Qa8+ 37. Kg1 dxc5 0-1

[Event "zt 2.4"]
[Site "Sao Paulo BRA"]
[Date "2001.06.13"]
[Round "6"]
[White "Lima,Da"]
[Black "De Souza Haro,P"]
[Result "1-0"]
[WhiteElo "2550"]
[BlackElo "2237"]
[EventDate "2001.06.07"]

1. d4 Nc6 2. d5 Ne5 3. e4 e6 4. f4 Ng6 5. dxe6 fxe6 6. Nf3 Bc5 7. Nc3 N8e7
8. Na4 Bb6 9. Nxb6 axb6 10. h4 O-O 11. g3 d5 12. h5 Nh8 13. h6 g6 14. Qd4
Rf7 15. Ng5 Nc6 16. Qxh8+ 1-0

[Event "zt 2.4"]
[Site "Sao Paulo BRA"]
[Date "2001.06.13"]
[Round "6"]
[White "Matsuura,E"]
[Black "Leitao,R"]
[Result "0-1"]
[WhiteElo "2467"]
[BlackElo "2587"]
[EventDate "2001.06.07"]

1. e4 c5 2. c3 d5 3. exd5 Qxd5 4. d4 g6 5. Nf3 Bg7 6. Be2 cxd4 7. cxd4 Nf6
8. Nc3 Qd8 9. O-O O-O 10. Be3 Be6 11. Ne5 Nd5 12. Nd3 Nc6 13. Nxd5 Bxd5 14.
Nf4 Qd6 15. Nxd5 Qxd5 16. Bf3 Qb5 17. Bxc6 Qxc6 18. Qb3 Rfd8 19. Rac1 Qd7
20. Rc4 Rac8 21. Rxc8 Rxc8 22. h3 b5 23. a4 bxa4 24. Qb4 a5 25. Qxa5 Bxd4
26. Rd1 e5 27. Qxe5 Bxe5 28. Rxd7 Bxb2 29. Ra7 a3 30. Bh6 f5 31. g3 Rc2 32.
Be3 Kf8 33. Kg2 Ke8 34. Kf3 Kd8 35. g4 fxg4+ 36. hxg4 Kc8 37. Kf4 Rc7 38.
Ra4 Kd7 39. Kg5 Kc6 40. f4 Kb5 41. Ra8 Rc6 42. Bd4 Bxd4 43. Rxa3 Bg7 44.
Rb3+ Kc4 45. Rb7 h6+ 46. Kh4 Bf6+ 47. Kg3 Kd5 48. Rh7 g5 49. Rxh6 gxf4+ 50.
Kf3 Bg5 51. Rh5 Rg6 0-1

[Event "zt 2.4"]
[Site "Sao Paulo BRA"]
[Date "2001.06.13"]
[Round "6"]
[White "Soto,J"]
[Black "Vescovi,G"]
[Result "0-1"]
[WhiteElo "2386"]
[BlackElo "2572"]
[EventDate "2001.06.07"]

1. d4 Nf6 2. Bg5 d6 3. Nd2 Nbd7 4. Ngf3 g6 5. e4 e5 6. dxe5 dxe5 7. Bc4 Bg7
8. Qe2 O-O 9. O-O h6 10. Bh4 c6 11. Rfd1 Qc7 12. a4 Nh5 13. Be7 Re8 14. Ba3
Bf8 15. Qe3 Kg7 16. a5 Bxa3 17. Rxa3 Ndf6 18. Qc3 Nf4 19. g3 Nh3+ 20. Kg2
Bg4 21. Rf1 Rad8 22. Qe3 c5 23. Bb5 Re7 24. Rc3 Rd4 25. Bd3 Qxa5 26. Nb3
Qb6 27. Rxc5 Bxf3+ 28. Qxf3 Ng5 29. Qe3 Rb4 30. Re1 Ngxe4 31. Rc8 Qe6 32.
Rd8 Ng5 33. f3 e4 34. fxe4 Qh3+ 35. Kh1 Rbxe4 36. Bxe4 Rxe4 37. Qc3 Nf3 0-1

[Event "zt 2.4"]
[Site "Sao Paulo BRA"]
[Date "2001.06.14"]
[Round "7"]
[White "Milos,G"]
[Black "Lima,Da"]
[Result "1/2-1/2"]
[WhiteElo "2608"]
[BlackElo "2550"]
[EventDate "2001.06.07"]

1. c4 b6 2. d4 Bb7 3. Nc3 e6 4. a3 f5 5. d5 Nf6 6. g3 Na6 7. Bg2 Nc5 8. Nh3
Bd6 9. O-O Be5 10. Qc2 O-O 11. Nf4 Qe8 12. Bd2 c6 13. dxe6 dxe6 14. Rad1
Rf7 15. b4 Ncd7 16. Nd3 Rd8 17. Qa4 Bxc3 18. Bxc3 Ne4 19. Ba1 c5 20. Qxa7
Bc6 21. b5 Ba8 22. Qa6 Nd6 23. Bc6 Nxc4 24. Qa4 Na5 25. Ne5 Nxc6 26. Nxf7
Nd4 27. Rxd4 Qxf7 28. Rd6 Qe7 29. Rd2 Bd5 30. f3 Ra8 31. Qd1 Ra7 32. Re1
Nf6 33. e4 fxe4 34. fxe4 Bc4 35. a4 e5 36. Rd6 Nd7 37. Re3 h6 38. Bc3 Kh7
39. Rd2 Nf6 40. Re1 Nd7 41. Qc2 Bf7 42. Ra1 c4 43. Rdd1 Bg6 44. Qf2 Rb7 45.
Qe1 Qc5+ 46. Qf2 Qe7 47. Rab1 Bxe4 48. Bb4 Qe8 49. Rbc1 Bd3 50. Qf3 e4 51.
Qf5+ Qg6 52. Qxg6+ Kxg6 53. Bc3 Nf6 54. Bd4 Nd5 55. Ra1 e3 56. Re1 e2 57.
Ra2 Re7 58. Kf2 Rf7+ 59. Kg2 Re7 60. Kf2 Rf7+ 61. Kg2 Re7 62. Kf2 1/2-1/2

[Event "zt 2.4"]
[Site "Sao Paulo BRA"]
[Date "2001.06.14"]
[Round "7"]
[White "Oblitas,C"]
[Black "Soto,J"]
[Result "1/2-1/2"]
[WhiteElo "2404"]
[BlackElo "2386"]
[EventDate "2001.06.07"]

1. d4 f5 2. g3 g6 3. Bg2 Nf6 4. Nd2 Bg7 5. c3 O-O 6. Nh3 a5 7. O-O Ra6 8.
e4 fxe4 9. Nxe4 Nxe4 10. Bxe4 d5 11. Bg2 Raf6 12. Bf4 Nc6 1/2-1/2

[Event "zt 2.4"]
[Site "Sao Paulo BRA"]
[Date "2001.06.15"]
[Round "8"]
[White "Matsuura,E"]
[Black "Coelho,L"]
[Result "1-0"]
[WhiteElo "2467"]
[BlackElo "2235"]
[EventDate "2001.06.07"]

1. e4 c5 2. Nf3 d6 3. d4 cxd4 4. Nxd4 Nf6 5. Nc3 a6 6. Bg5 e6 7. f4 Be7 8.
Qf3 Qc7 9. O-O-O h6 10. Bh4 Nbd7 11. Bd3 g5 12. fxg5 Ne5 13. Qe2 Nfg4 14.
Nf3 Nxf3 15. gxf3 hxg5 16. Bg3 Ne5 17. f4 gxf4 18. Bxf4 Bd7 19. h4 Rxh4 20.
Rxh4 Bxh4 21. Qh5 Bf6 22. Bg5 Nxd3+ 23. Kb1 Qb6 24. Rxd3 Qg1+ 25. Bc1 Ke7
26. Rd1 Qc5 27. Qf3 Be5 28. Bg5+ f6 29. Be3 Qc4 30. Bf4 Rf8 31. Bxe5 fxe5
32. Qe3 Qf1 33. Qd2 1-0

[Event "zt 2.4"]
[Site "Sao Paulo BRA"]
[Date "2001.06.15"]
[Round "8"]
[White "Pelikian,J"]
[Black "Milos,G"]
[Result "0-1"]
[WhiteElo "2415"]
[BlackElo "2608"]
[EventDate "2001.06.07"]

1. e4 Nf6 2. Nc3 d5 3. e5 Nfd7 4. Nxd5 Nxe5 5. Ne3 Nec6 6. b3 e5 7. Bb2 Bc5
8. Bc4 O-O 9. Qh5 Nd7 10. O-O-O Nf6 11. Qh4 Qe7 12. Nf3 Ba3 13. Ng5 h6 14.
Ne4 Nxe4 15. Qxe4 a5 16. Nd5 Bxb2+ 17. Kxb2 Qd6 18. a4 Bd7 19. g4 Rae8 20.
Rhg1 Nd4 21. g5 Bf5 22. Nf6+ gxf6 23. gxf6+ Kh8 24. Qh4 Bh7 25. Qxh6 Nf5
26. Qg5 Qd4+ 27. c3 Qh4 28. Rde1 e4 29. Rg4 Qxg5 30. Rxg5 Nd6 31. Re3 Nxc4+
32. bxc4 Bg6 33. Rxa5 Re6 34. f3 Rd8 35. Rd5 Rb6+ 36. Ka3 Rxd5 37. cxd5
exf3 38. Rxf3 Be4 39. Rh3+ Kg8 40. c4 Rxf6 41. Rg3+ Kf8 42. Kb4 Rf2 43. d3
Bg6 44. h3 Ke7 45. Kc5 Rd2 46. h4 Rxd3 47. Rxd3 Bxd3 48. Kd4 Be2 49. a5 f6
50. c5 Kd7 51. Ke4 c6 52. d6 Ke6 53. Kf4 Bh5 54. Ke4 Be8 55. Kf4 Bd7 56.
Kg4 Kf7+ 57. Kh5 Bc8 58. Kh6 Bg4 59. h5 Be2 60. d7 Ke7 0-1

[Event "zt 2.4"]
[Site "Sao Paulo BRA"]
[Date "2001.06.15"]
[Round "8"]
[White "Soto,J"]
[Black "De Souza Haro,P"]
[Result "1-0"]
[WhiteElo "2386"]
[BlackElo "2237"]
[EventDate "2001.06.07"]

1. c4 Nf6 2. Nc3 c5 3. Nf3 Nc6 4. g3 g6 5. Bg2 Bg7 6. O-O O-O 7. d4 cxd4 8.
Nxd4 Ng4 9. e3 d6 10. Nxc6 bxc6 11. Bxc6 Rb8 12. Qa4 Ne5 13. Bd5 a5 14. f4
Nd3 15. Qc2 Bf5 16. e4 Bh3 17. Qxd3 Bxf1 18. Kxf1 Qc8 19. c5 Qh3+ 20. Kg1
e6 21. Bb3 dxc5 22. e5 f6 23. Ne4 Rbd8 24. Qa6 c4 25. Qxc4 fxe5 26. Ng5 Qh5
27. Qxe6+ Kh8 28. Qg8+ 1-0

[Event "zt 2.4"]
[Site "Sao Paulo BRA"]
[Date "2001.06.15"]
[Round "8"]
[White "Vescovi,G"]
[Black "Oblitas,C"]
[Result "1/2-1/2"]
[WhiteElo "2572"]
[BlackElo "2404"]
[EventDate "2001.06.07"]

1. e4 e6 2. d4 d5 3. Nd2 c5 4. exd5 exd5 5. Ngf3 Nf6 6. Bb5+ Bd7 7. Bxd7+
Nbxd7 8. dxc5 Qe7+ 9. Qe2 Qxe2+ 10. Kxe2 Bxc5 11. Nb3 Bb6 12. Bf4 O-O 13.
Rhe1 Rfe8+ 14. Kf1 Re4 15. Bg3 Rae8 16. Rad1 h6 17. c3 Rxe1+ 18. Nxe1 Ne5
19. Bxe5 Rxe5 20. Nd3 Re7 21. Nf4 Rd7 22. Nd4 Kf8 23. h3 Bxd4 24. Rxd4 Ke7
25. g4 Kd6 26. Ng2 b5 27. Ne3 g6 28. h4 Kc5 29. Ke2 a5 30. a3 a4 31. f3 Ne8
32. Rf4 Nd6 33. Kd2 Re7 34. Rd4 Nc4+ 35. Nxc4 bxc4 36. Rf4 Rb7 37. Kc2 Re7
38. Kd2 Rb7 39. Kc2 Re7 40. Kd2 1/2-1/2

[Event "zt 2.4"]
[Site "Sao Paulo BRA"]
[Date "2001.06.16"]
[Round "9"]
[White "Coelho,L"]
[Black "Lima,Da"]
[Result "0-1"]
[WhiteElo "2235"]
[BlackElo "2550"]
[EventDate "2001.06.07"]

1. e4 c5 2. Nf3 Nc6 3. d4 cxd4 4. Nxd4 Nf6 5. Nc3 d6 6. Be2 g6 7. O-O Bg7
8. Nb3 O-O 9. Bg5 Be6 10. Re1 h6 11. Bh4 Rc8 12. Qd2 g5 13. Bg3 d5 14. Nc5
d4 15. Nxe6 fxe6 16. Na4 Nxe4 17. Qd3 Nxg3 18. Qxg3 Nb4 19. Qb3 Nxc2 20.
Qxe6+ Kh8 21. Bd3 Nb4 22. Be4 Qd6 23. Bxb7 Rc7 24. Qxd6 exd6 25. Be4 d5 26.
a3 Nc2 27. Bxc2 Rxc2 28. f3 g4 29. Rf1 d3 30. Nc3 Bd4+ 31. Kh1 gxf3 32.
gxf3 Rf5 33. Rfc1 Rxf3 0-1